One Piece - RageBait - Statistiques

Statistiques générales
  • Ce quiz a été pris 132 fois
  • Le résultat moyen est 5 sur 25
Statistiques - réponses
Enoncé Réponse tout à fait objective % Correct
Pire membre des chapeau de paille Brook
74%
Plus belle femme de One Piece ( pas de débat ) Boa Hancock
73%
Meilleur arc ALL TIME Skypiea
52%
Antagoniste qui deviendra le futur roi des pirates Baggy
39%
Littéralement plus fort que Sengoku et Garp Sakazuki Akainu
34%
Meilleur antagoniste Ener
31%
Arc de One Piece sur côté Marineford
29%
Pire personnage de One Piece Portgas D. Ace
25%
Le personnage que Oda Déteste alors que c'est le meilleur Vinsmoke Sanji
25%
Antagoniste le plus charismatique Ener
21%
Antagoniste le plus sous côté et le plus prometteur Ener
21%
Mec qui c'est cru trop fort à Erbaf Eustass Kid
12%
Futur meilleur utilisateur du Haki des rois God D. Usopp
10%
Meilleur antagoniste ( pour de vrai ) Charlotte Katakuri
8%
Meilleur fruit du démon Fulguro - fruit
6%
Femme de One Piece trop sous côté Kozuki Hiyori
4%
Meilleur combat Señor Pink vs Franky
2%
Meilleur marque de voiture Aston Martin
1%
Nom Exacte du Zoan de Black Maria Fruit de l'Araignée, version Rosamygale grauvogeli
1%
Nom d'un personnage de One Piece qui n'existe pas Hugo D. Brun
1%
Meilleur anime du monde ( logique ) My Hero Academia
1%
Meilleur endroit pour regarder One Piece Sur l'autoroute
1%
Pire Flashback Ace Sabo et Luffy
0%
Princess Sirêne Chiraeauchi
0%
Fruit du démon qui n'existe pas Fruit de Valorant
0%
Aucun quiz correspondant
Distribution des résultats
% des personnes avec chaque résultat
Percentile par nombre de réponses
Votre historique - résultats
Vous n’avez pas pris ce quiz